zpět

Detail výsledku týmu

Patro Pub, Tišnov

Datum a čas kvízu

36 Celkem bodů Celkový počet nahraných bodů na tomto kvízu bez doplňovacích otázek.
9. Pořadí na kvízu Konečné umístění týmu na tomto kvízu.

Zaznamenané odpovědi

# Otázka Odpověď Body Výsledky
1. K razantnímu kroku přistoupila... tepláky a crop topy (krátká trika) 1
2. Polák Andrzej Bargiel je po ce... Mount Everest 1
3. Minulý týden proběhl v Brně me... Straka 1
4. Na jedné technické univerzitě... Ostrava 1
5. Který divizní tým vyřadil minu... (FK) Nové Sady 0
6. Gesto, které vidíme na obrázku... 1D 2A 3C 4B 0
7. Které z uvedených gest má na B... B 1
8. Sheldon Cooper v Teorii velkéh... papír a tapír (ještěr) 0
9. Která dvě písmena české dvouru... B, N 0.5
10. Na výřezu z obrazu francouzské... paroháč (že je mu žena nevěrná) 0